Countries by Two Borders #1 - Statistics

General Stats
  • This quiz has been taken 322 times
  • The average score is 15 of 15
Answer Stats
Border Country Border % Correct
Bangladesh India Pakistan
99%
Germany Poland Russia
99%
Myanmar China North Korea
98%
Belize Mexico United States
98%
Chile Peru Ecuador
98%
Estonia Russia Azerbaijan
98%
Yemen Saudi Arabia Jordan
98%
Lesotho South Africa Botswana
98%
Tunisia Algeria Mauritania
96%
Papua New Guinea Indonesia Malaysia
96%
France Italy Slovenia
96%
Bolivia Brazil France
95%
Somalia Kenya Tanzania
95%
Turkey Iran Turkmenistan
94%
Hungary Serbia North Macedonia
94%
No matching quizzes found
Score Distribution
Percent of People with Each Score
Percentile by Number Answered
Your Score History
You have not taken this quiz